| 000 | 00649nam a22002177a 4500 | ||
|---|---|---|---|
| 003 | KOHA_MİRAKIL | ||
| 005 | 20260602094326.0 | ||
| 008 | 260421b tu ||||| |||| 00| 0 tur d | ||
| 020 | _a9789752430990 | ||
| 040 |
_aTR-AnABB _btur _cTR-AnABB |
||
| 041 | _atur | ||
| 082 |
_a920 _bORT 2019 |
||
| 100 | 1 | _aOrtaylı, İlber | |
| 245 | 1 | 0 |
_aBir ömür nasıl yaşanır : _bhayatta doğru seçimler için öneriler / _cİlber Ortaylı |
| 250 | _a7. baskı | ||
| 260 |
_aİstanbul : _bKronik Kitap, _c2019 |
||
| 300 |
_a285 sayfa ; _c20 cm |
||
| 650 | 0 | 4 | _aTarihçiler, biyografi |
| 900 | _bCan ÇELIK | ||
| 942 |
_2ddc _cBK |
||
| 999 |
_c10317 _d10317 |
||